Countries Bordering Afghanistan - Statistics

General Stats
  • This quiz has been taken 107 times
  • The average score is 6 of 6
Answer Stats
km Country % Correct
2670 Pakistan
97%
921 Iran
96%
1357 Tajikistan
96%
144 Uzbekistan
93%
804 Turkmenistan
92%
91 China
80%
No matching quizzes found
Score Distribution
Percent of People with Each Score
Percentile by Number Answered
Your Score History
You have not taken this quiz